000 01671cam a2200361 i 4500
001 20535872
003 NUST
005 20220828160557.0
008 180605s2018 nyu bd 001 0 eng c
010 _a 2018024764
020 _a9780062846877
_q(trade paperback)
038 _aAzhar
040 _aLBSOR/DLC
_beng
_cLBSOR
_erda
_dDLC
042 _apcc
050 0 0 _aBF637.N66
_bN378 2018
082 0 0 _a153.6903
_223
_bNAV
100 1 _aNavarro, Joe,
_d1953-
_eauthor.
_994724
245 1 4 _aThe dictionary of body language :
_ba field guide to human behavior
_cJoe Navarro.
250 _aFirst Edition.
260 _aNew York
_bWilliam Morrow, an imprint of HarperCollinsPublishers,
_c2018
300 _ax, 197 p
_c19 cm
336 _atext
_btxt
_2rdacontent
337 _aunmediated
_bn
_2rdamedia
338 _avolume
_bnc
_2rdacarrier
504 _aIncludes bibliographical references (pages 181-183) and index.
505 0 _aThe head -- The forehead -- The ears -- The eyebrows -- The eyes -- The nose -- The face -- The mouth -- The lips -- The cheeks and jaw -- The chin -- The neck -- The shoulders -- The arms -- The hands and fingers -- The chest, torso, and belly -- The hips, buttocks, and genitals -- The legs -- The feet.
520 _a"From former FBI agent and bestselling author Joe Navarro comes the essential book for decoding human behavior, revealing the more than 400 essential body language indicators"--
_cProvided by publisher.
563 _aPB
650 0 _aBody language
_vDictionaries.
_994725
906 _a7
_bcbc
_corignew
_d1
_eecip
_f20
_gy-gencatlg
942 _2ddc
_cLC
999 _c590539
_d590539